| 000 | 01143na a2200301 4500 | ||
|---|---|---|---|
| 001 | 17116 | ||
| 003 | MIRAKIL | ||
| 005 | 20181213155123.0 | ||
| 008 | 161024b tu 000 0 | ||
| 035 | _a17116 | ||
| 040 |
_aMilas _btur _cTR-AnCHP |
||
| 041 | _atur | ||
| 082 |
_aCHP 331.137 _bC36i 2004 |
||
| 090 | _aCHP 331.137 C36i 2004 | ||
| 110 |
_aCumhuriyet Halk Partisi (CHP) _bBilim Yönetim Kültür Platformu |
||
| 245 |
_aİşsizliği önleyecek 10 + 5 öneri _cCumhuriyet Halk Partisi |
||
| 246 | _aİşsizliği önleyecek on artı beş öneri | ||
| 246 | _aİddia ediyoruz: bu öneriler uygulanırsa Türkiye'de işsizlik diye bir sorun kalmaz! | ||
| 260 |
_aAnkara _bCHP Bilim Yönetim Kültür Platformu _c2004 |
||
| 300 |
_a28 s. _c30 sm. |
||
| 490 | _aCHP Bilim, Yönetim ve Kültür Platformu yayınları | ||
| 500 | _aKaynakça var. | ||
| 500 | _a"İddia ediyoruz: bu öneriler uygulanırsa Türkiye'de işsizlik diye bir sorun kalmaz!" | ||
| 610 |
_aCHP _vBilim Yönetim Kültür Platformu (BYKP) _xİşsizlik _yRaporlar |
||
| 610 |
_aCHP _xİstihdam _yÖneriler |
||
| 830 | _aCHP yayınları | ||
| 942 |
_2dcc _cBKS |
||
| 999 |
_c6920 _d6920 |
||